Statistics for Countries that start and end with a vowel

Click here to take the quiz!

General Stats

  • This quiz has been taken 604 times
  • The average score is 16 of 20

Answer Stats

Country% Correct
Australia
93%
Albania
91%
Austria
88%
Algeria
87%
Armenia
87%
India
86%
Andorra
85%
Angola
84%
Argentina
84%
Indonesia
83%
Eritrea
82%
Estonia
81%
Antigua and Barbuda
77%
Ethiopia
77%
Uganda
75%
United States of America
75%
Ukraine
66%
Uruguay
66%
Italy
63%
Equatorial Guinea
59%

Score Distribution

Percentile by Number Answered

Percent of People with Each Score

Your Score History

You have not taken this quiz